000 03772cam a22007334i 4500
003 PE-LiUPU
005 20250731180151.0
008 150706s20112018sp a rb 000 0 spa d
020 _a9788437615318
035 _a(Sirsi) i9788437615318
040 _aPE-LiUPU
_bspa
_cPE-LiUPU
_erda
049 _aPRUA
082 0 4 _a551.6
_bC89
_221
082 0 4 _a551.6
_bC89 2014
_221
082 0 4 _a551.6
_bC89 2016
_221
100 1 _aCuadrat, José María,
_eautor.
245 1 0 _aClimatología /
_cJosé Ma. Cuadrat, Ma. Fernanda Pita.
250 _a6a edición, octava edición [2016].
264 1 _aMadrid :
_bCátedra,
_c2011.
300 _a496 páginas :
_bilustraciones ;
_c24 centímetros.
336 _atext
_2rdacontent
337 _aunmediated
_2rdamedia
338 _avolume
_2rdacarrier
490 0 _aColección Geografía
504 _aIncluye bibliografía.
505 0 _aLa climatología como ciencia geográfica -- El sistema climático -- El balance de calor en el planeta: calor y temperatura -- Humedad atmosférica -- La precipitación: procesos y análisis -- La presión atmosférica y el viento -- La circulación general atmosférica -- Masas de aire, frentes y perturbaciones atmosféricas -- El mosaico climático del globo -- Los cambios climáticos.
526 _aSEG44
526 _aSEG26
526 _aP159
526 _aP155
526 _aP154
526 _aP153
526 _aP150
526 _aP100
526 _aP31
526 _aP30
526 _aP26
526 _aP25
526 _aP24
526 _aP22
526 _aP15
526 _aP10
541 _g015-001551;
541 _g001-00003175;
541 _g022-00000048;
541 _g002-00000831;
650 0 4 _aClimatología.
_92244
700 1 _aPita, María Fernanda,
_eautor.
910 _cng
_d20130606
910 _btqv
_caic
_d20170124
910 _adbm
_bncf
_cncf
_d20180517
910 _armch
_btqv
_crmch
_d20190117
942 _2ddc
_cBOOK
949 _a551.6 C89
_wDEWEY
_c1
_i67447
_lCCODEBUL1
_mBUL
_p49.00
_r0
_sY
_tBOOK
_u2015-7-6
_xINGENIERIA
_PP24
_o.STAFF. Colección General
949 _a551.6 C89 2014
_wDEWEY
_c1
_iFJ05925
_lCCODEBUJ1
_mBUJ
_p26.00
_r0
_sY
_tBOOK
_u2017-01-24
_xINGENIERÍA
_PP24
_0COMPRA
_o.STAFF. Colección General Juliaca
949 _a551.6 C89 2016
_wDEWEY
_c1
_iFJ12356
_lCCODEBUJ1
_mBUJ
_p39.90
_r0
_sY
_tBOOK
_u2019-01-17
_xINGENIERIA
_PP24
_0COMPRA
_o.STAFF. Colección General Juliaca
994 _aC0
_bPEPRU
596 _a1 3
999 _a551.6 C89
_wDEWEY
_c55098
_i67447
_d55098
_e2016-10-23
_f2021-11-9
_g7
_lCCODEBUL1
_mBUL
_n10
_p49.00
_q1
_r0
_sN
_tBOOK
_u2015-7-6
_xINGENIERIA
_PP24
_0COMPRA
_o.STAFF. Colección Ingeniería y Arquitectura
999 _a551.6 C89
_wDEWEY
_c2
_i78330
_d2018-10-10
_e2018-6-11
_f2021-11-9
_g4
_lCCODEBUL1
_mBUL
_n2
_p40.61
_q1
_r0
_sY
_tBOOK
_u2018-5-17
_xINGENIERIA
_PP24
_0COMPRA
_1FCOMPRA
_o.STAFF. Colección Ingeniería y Arquitectura
999 _a551.6 C89
_wDEWEY
_c3
_i78331
_d2018-6-26
_f2021-11-9
_g4
_lCCODEBUL1
_mBUL
_p40.61
_q2
_r0
_sY
_tBOOK
_u2018-5-17
_xINGENIERIA
_PP24
_0COMPRA
_1FCOMPRA
_o.STAFF. Colección Ingeniería y Arquitectura
999 _a551.6 C89 2014
_wDEWEY
_c1
_iFJ05925
_d2019-5-7
_e2019-5-6
_f2022-1-25
_g4
_lCCODEBUJ1
_mBUJ
_n6
_p26.00
_q3
_r0
_sY
_tBOOK
_u2017-1-24
_xINGENIERIA
_PP24
_0COMPRA
_o.STAFF. Colección General Juliaca
999 _a551.6 C89 2016
_wDEWEY
_c1
_iFJ12356
_f2022-1-25
_g3
_lCCODEBUJ1
_mBUJ
_p39.90
_r0
_sY
_tBOOK
_u2019-1-17
_xINGENIERIA
_PP24
_0COMPRA
_1FCOMPR2
_o.PUBLIC. Colección General Juliaca
980 _81
_gALBERTO SANCHEZ Responsable de Automatización